[Event "KAZ-ch U12 Girls"]
[Site "Ak Bulak"]
[Date "2022.03.24"]
[Round "7"]
[White "Sermukhamedov Minnullina, Adriana"]
[Black "Kaliakhmet, Elnaz"]
[Result "0-1"]
[WhiteElo "1309"]
[BlackElo "1852"]
[PlyCount "80"]
[EventDate "2022.03.20"]
[EventType "swiss"]
[EventRounds "9"]
[EventCountry "KAZ"]
[SourceTitle "EXT 2023"]
[Source "ChessBase"]
[SourceDate "2022.10.05"]
[SourceVersion "1"]
[SourceVersionDate "2022.10.05"]
[SourceQuality "1"]

1. e4 c5 2. Nf3 d6 3. d4 cxd4 4. Nxd4 Nf6 5. Nc3 Nc6 6. Be2 e5 7. Nf3 h6 8. 0-0 Be7 9. Be3 0-0 10. Nd2 Be6 11. f3 d5 12. exd5 Nxd5 13. Nxd5 Bxd5 14. c3 Qc7 15. Qa4 Rad8 16. Rad1 a6 17. Qg4 f5 18. Qa4 Kh8 19. c4 Bg8 20. Nb1 Nd4 21. Bxd4 exd4 22. Bd3 Bd6 23. h3 Bf4 24. Nd2 Be3+ 25. Kh1 Qg3 26. f4 Bxf4 27. Nf3 Bb8 28. Rde1 Bf7 29. Qc2 Bh5 30. Re2 Bxf3 31. gxf3 Qxh3+ 32. Kg1 Bf4 33. Rg2 Be3+ 34. Rff2 Qxf3 35. c5 Bxf2+ 36. Rxf2 Qg3+ 37. Rg2 Qe3+ 38. Kh1 Qe1+ 39. Kh2 Qh4+ 40. Kg1 Rde8 0-1

[Event "Madrid-ch Previa-B"]
[Site "Madrid"]
[Date "2020.02.29"]
[Round "9"]
[White "Sermukhamedov Minnullina, Adriana"]
[Black "Estevez Sacristan, Deva"]
[Result "0-1"]
[WhiteElo "1220"]
[BlackElo "1885"]
[PlyCount "168"]
[EventDate "2020.02.06"]
[EventType "swiss"]
[EventRounds "9"]
[EventCountry "ESP"]
[SourceTitle "CBM 195 Extra"]
[Source "ChessBase"]
[SourceDate "2020.05.31"]
[SourceVersion "1"]
[SourceVersionDate "2020.05.31"]
[SourceQuality "1"]

1. d4 f5 2. Bf4 Nf6 3. e3 d6 4. Nf3 e6 5. h3 Nc6 6. Be2 Be7 7. 0-0 0-0 8. c4 d5 9. c5 Bd7 10. Ne5 Nxe5 11. Bxe5 b6 12. b4 a5 13. c6 Bxc6 14. b5 Be8 15. Nd2 Rc8 16. Rc1 Bd6 17. Nf3 Ne4 18. Bxd6 Qxd6 19. Ne5 Qb4 20. Qb3 Qxb3 21. axb3 Nd2 22. Rfd1 Nxb3 23. Rc3 a4 24. g3 g6 25. h4 Kg7 26. Kg2 Kf6 27. f4 Ke7 28. Bf1 Kd6 29. Nc6 Rf7 30. Ne5 Rg7 31. Nc6 Ra8 32. Nb4 h6 33. Be2 Na5 34. Na6 Nc4 35. Rxc4 dxc4 36. Bxc4 c6 37. Nb4 cxb5 38. Ba2 Rc7 39. d5 e5 40. fxe5+ Kxe5 41. Kf3 Rd8 42. Kf2 Rd6 43. Ke2 g5 44. Kf2 Kf6 45. Rh1 g4 46. Re1 Bg6 47. Rd1 Bf7 48. Ke2 Rc3 49. Kf2 Rc8 50. Ke2 h5 51. Kf2 Rc4 52. Bxc4 bxc4 53. Ke2 b5 54. Rd4 Rd7 55. Rd2 Ke5 56. Nc6+ Kd6 57. Nb4 Kc5 58. Na6+ Kb6 59. Nb4 Rd6 60. e4 fxe4 61. Ke3 Kc5 62. Nc2 Rxd5 63. Rf2 Rd3+ 64. Kxe4 Bg6+ 65. Ke5 Rd5+ 66. Ke6 Bxc2 67. Rxc2 b4 68. Rf2 b3 69. Rf8 b2 70. Rc8+ Kd4 71. Rb8 a3 72. Rb7 a2 73. Rxb2 Re5+ 74. Kd6 a1Q 75. Rd2+ Ke3 76. Rd1 Qxd1+ 77. Kxe5 Qd4+ 78. Ke6 c3 79. Ke7 c2 80. Ke6 c1Q 81. Kf5 Qcc5+ 82. Ke6 Qdd6+ 83. Kf7 Qcc7+ 84. Ke8 Qdd8# 0-1

[Event "Madrid-ch Previa-B"]
[Site "Madrid"]
[Date "2020.02.21"]
[Round "6"]
[White "Martin Hernandez, Vicente"]
[Black "Sermukhamedov Minnullina, Adriana"]
[Result "0-1"]
[WhiteElo "1864"]
[BlackElo "1220"]
[PlyCount "58"]
[EventDate "2020.02.06"]
[EventType "swiss"]
[EventRounds "9"]
[EventCountry "ESP"]
[SourceTitle "CBM 195 Extra"]
[Source "ChessBase"]
[SourceDate "2020.05.31"]
[SourceVersion "1"]
[SourceVersionDate "2020.05.31"]
[SourceQuality "1"]

1. d4 Nf6 2. c4 g6 3. Nc3 Bg7 4. e4 d6 5. f3 0-0 6. Be3 e5 7. d5 Nbd7 8. b4 Ne8 9. Bd3 f5 10. Nge2 f4 11. Bf2 g5 12. h3 h5 13. a3 Rf6 14. c5 Rg6 15. g4 fxg3 16. Nxg3 Ndf6 17. Nf5 Bxf5 18. exf5 Rh6 19. Kd2 Nd7 20. Ne4 dxc5 21. bxc5 b6 22. Bc4 Kh8 23. Ke2 Nxc5 24. Bxc5 bxc5 25. Rb1 Rb8 26. Qc2 Rhb6 27. Nxc5 Nd6 28. Ne6 Qe7 29. Bd3 e4 0-1

[Event "Wch U08 Girls"]
[Site "Santiago de Compostela"]
[Date "2018.11.14"]
[Round "10"]
[White "Sermukhamedov Minnullina, Adriana"]
[Black "Prochaieva, Alina"]
[Result "1/2-1/2"]
[WhiteElo "1249"]
[BlackElo "1160"]
[PlyCount "103"]
[EventDate "2018.11.04"]
[EventType "swiss"]
[EventRounds "11"]
[EventCountry "ESP"]
[SourceTitle "EXT 2022"]
[Source "ChessBase"]
[SourceDate "2021.10.06"]
[SourceVersion "1"]
[SourceVersionDate "2021.10.06"]
[SourceQuality "1"]

1. e4 c5 2. Nf3 Nc6 3. g3 d5 4. exd5 Qxd5 5. Nc3 Qh5 6. Bg2 Bd7 7. d3 0-0-0 8. Bf4 f6 9. Ne4 e5 10. Be3 b6 11. Nfd2 Qf7 12. Nc4 Be6 13. Ned2 Bd5 14. Bxd5 Qxd5 15. Qf3 Qd7 16. Ne4 f5 17. Nc3 Kb8 18. Rd1 Re8 19. 0-0 Nf6 20. h3 h6 21. Qg2 g5 22. Ne2 f4 23. Bc1 Kc7 24. a3 Nd4 25. Nxd4 Qxd4 26. b3 fxg3 27. Qxg3 Nh5 28. Qe3 Qd7 29. Bb2 Bg7 30. Kh2 Nf4 31. Rfe1 Qd5 32. Qg3 Nh5 33. Qg2 Qd7 34. Kh1 Nf4 35. Qg3 Nxh3 36. Bxe5+ Bxe5 37. Rxe5 Nf4 38. Rde1 b5 39. Rxc5+ Kb8 40. Rxe8+ Rxe8 41. Ne3 Kb7 42. Qf3+ Kb6 43. b4 Rc8 44. Rxc8 Qxc8 45. Qe4 Qc3 46. Qg6+ Kc7 47. Qf7+ Kc6 48. Qe8+ Kc7 49. Qf7+ Kc6 50. Qe8+ Kc7 51. Qf7+ Kc6 52. Qe8+ 1/2-1/2